Capital, investment, and development : (Record no. 145997)

MARC details
000 -LEADER
fixed length control field 00990nam a2200325 a 4500
008 - FIXED-LENGTH DATA ELEMENTS--GENERAL INFORMATION
fixed length control field
020 ## - INTERNATIONAL STANDARD BOOK NUMBER
International Standard Book Number 1557863083 (pbk.)
049 ## - LOCAL HOLDINGS (OCLC)
Holding library MAIN
090 ## - LOCALLY ASSIGNED LC-TYPE CALL NUMBER (OCLC); LOCAL CALL NUMBER (RLIN)
Classification number (OCLC) (R) ; Classification number, CALL (RLIN) (NR) HB34
Local cutter number (OCLC) ; Book number/undivided call number, CALL (RLIN) CAP
003 - CONTROL NUMBER IDENTIFIER
control field
005 - DATE AND TIME OF LATEST TRANSACTION
control field 20230123133303.0
040 ## - CATALOGING SOURCE
Transcribing agency NUST
245 00 - TITLE STATEMENT
Title Capital, investment, and development :
Remainder of title essays in memory of Sukhamoy Chakravarty /
Statement of responsibility, etc. edited by Kaushik Basu, Mukul Majumdar, Tapan Mitra.
260 ## - PUBLICATION, DISTRIBUTION, ETC.
Place of publication, distribution, etc. Oxford, UK ; :
Name of publisher, distributor, etc. B. Blackwell,
Date of publication, distribution, etc. 1993.
300 ## - PHYSICAL DESCRIPTION
Extent xx, 268 p. :
Other physical details ill. ;
Dimensions 24 cm.
504 ## - BIBLIOGRAPHY, ETC. NOTE
Bibliography, etc. note Includes bibliographical references.
500 ## - GENERAL NOTE
General note Includes Index.
650 #0 - SUBJECT ADDED ENTRY--TOPICAL TERM
Topical term or geographic name entry element Economics.
650 #0 - SUBJECT ADDED ENTRY--TOPICAL TERM
Topical term or geographic name entry element Capital.
650 #0 - SUBJECT ADDED ENTRY--TOPICAL TERM
Topical term or geographic name entry element Economic development.
650 #0 - SUBJECT ADDED ENTRY--TOPICAL TERM
Topical term or geographic name entry element Capitalism.
650 #0 - SUBJECT ADDED ENTRY--TOPICAL TERM
Topical term or geographic name entry element Socialism.
600 10 - SUBJECT ADDED ENTRY--PERSONAL NAME
Personal name Chakravarty, Sukhamoy.
700 1# - ADDED ENTRY--PERSONAL NAME
Personal name Chakravarty, Sukhamoy.
700 1# - ADDED ENTRY--PERSONAL NAME
Personal name Basu, Kaushik.
700 1# - ADDED ENTRY--PERSONAL NAME
Personal name Majumdar, Mukul.
700 1# - ADDED ENTRY--PERSONAL NAME
Personal name Mitra, Tapan.
907 ## - LOCAL DATA ELEMENT G, LDG (RLIN)
a .b10078472
b 20-04-12
c 20-06-03
942 ## - ADDED ENTRY ELEMENTS (KOHA)
Koha item type Ordinary Loan Books
Call number prefix HB34
Call number suffix CAP
Holdings
Date last seen Total Checkouts Full call number Barcode Cost, replacement price Price effective from Koha item type Lost status Source of classification or shelving scheme Damaged status Not for loan Collection Withdrawn status Home library Current library Shelving location Date acquired Cost, normal purchase price
01/23/2023 4 HB34 CAP 92003001048 80.00 01/23/2023 BOOKS   LCC     NFIC   MAIN MAIN GEN 01/23/2023 80.00